GODDESS OF VICTORY: NIKKE Characters - Statistics

General Stats
  • This quiz has been taken 518 times
    402 since last reset
  • The average score is 83 of 98
Answer Stats
Picture Answer % Correct
Rapi
99%
Anis
98%
Neon
97%
D
95%
Alice
94%
Red Hood
94%
Crow
93%
Cinderella
92%
Snow White
92%
Viper
92%
Dorothy
91%
Drake
91%
Emma
91%
Poli
91%
Scarlet
91%
Blanc
90%
Crown
90%
Diesel
90%
Elegg
90%
Helm
90%
Liter
90%
Mast
90%
Milk
90%
Noir
90%
Rapunzel
90%
Soda
90%
Vesti
90%
Laplace
89%
Naga
89%
Brid
88%
Jackal
88%
Maxwell
88%
Sugar
88%
Tia
88%
Guillotine
87%
Mihara
87%
Modernia
87%
Rupee
87%
Volume
87%
Yuni
87%
Ade
86%
Centi
86%
Delta
86%
Grave
86%
Bay
85%
Bready
85%
Guilty
85%
Maiden
85%
Sakura
85%
Yan
85%
Eunhwa
84%
Noah
84%
Noise
84%
Pepper
84%
Anchor
83%
Biscuit
83%
Dolla
83%
Exia
83%
Isabel
83%
Mary
83%
Nihilister
83%
Rosanna
83%
Rouge
83%
Signal
83%
Sin
83%
Soline
83%
Clay
82%
Ludmilla
82%
Moran
82%
Phantom
82%
Siren
82%
Tove
82%
Trony
82%
Frima
81%
Cocoa
80%
Harran
80%
Miranda
80%
Quency
80%
Kilo
79%
Nero
79%
Mana
78%
Crust
77%
Flora
77%
Leona
77%
Marciana
77%
Aria
76%
Ether
75%
Folkwang
75%
Neve
75%
Julia
74%
Mica
74%
Novel
74%
Quiry
74%
Belorta
73%
N102
71%
Trina
70%
Epinel
69%
Rumani
65%
No matching quizzes found
Score Distribution
Percent of People with Each Score
Percentile by Number Answered
Your Score History
You have not taken this quiz since the last reset